Countries with Nando's - Statistics

General Stats
  • This quiz has been taken 114 times
  • The average score is 14 of 20
Answers on the Map
Answers color-coded by a green-red scale on the quiz's map according to % correct below.
 
Answer Stats
Answer % Correct
United Kingdom
100%
United States
99%
Canada
94%
Ireland
92%
Australia
91%
South Africa
86%
New Zealand
84%
India
80%
United Arab Emirates
68%
Singapore
66%
Malaysia
64%
Pakistan
64%
Saudi Arabia
64%
Qatar
59%
Zimbabwe
53%
Bahrain
52%
Zambia
52%
Botswana
50%
Eswatini
41%
Mauritius
30%
No matching quizzes found
Score Distribution
Percent of People with Each Score
Percentile by Number Answered
Your Score History
You have not taken this quiz